00659 2200241 4500001002100000005001500021035002000036245004500056100001800101250001000119300003700129700002000166260003600186082000800222084001400230020001900244600003000263600002800293600003600321504002000357990002000377990002000397INLIS00000000000447320230918071142 a0010-09230000801 aEnsklopedia Kimia Vol 3 /cIan C Stewart0 aIan C Stewart aCet 2 a88 hlm, :bilus ;c17,6 x 25 cm.0 aJustin P Lomont aBandung; :bPakar Raya;,c2014. a540 a540 IAN e a978979534851-1 aPengalih Bahasa,Rudiyanto aPenyunting,Aris Partomo aPengendali Mutu,Rachmad Isnanto aTentang Penulis a13643/P/BL/2016 a13642/P/BL/2016